| 000 | 00548nam a2200181 a 4500 | ||
|---|---|---|---|
| 001 | 000048647 | ||
| 005 | 20201002061311.0 | ||
| 008 | 190405s2012 dr 000 0 spa d | ||
| 020 | _a9789945481266 | ||
| 040 |
_aDO-SdBNP _bspa _cBNPHU |
||
| 082 |
_axxx _bR789t |
||
| 100 | 1 |
_aCastillo, Vinicio Del _d1950- _976088 |
|
| 245 | 1 | 0 |
_aPestillos de hierro : _bpoesĂa /. |
| 260 |
_aSanto Domingo, : _bCentenario, _c2012. |
||
| 300 |
_a71 p. ; _c22 cm. |
||
| 500 | _aIncluye datos biografĂcos del autor en las solapas. | ||
| 590 | _aInventariado, 2019/ YL | ||
| 999 |
_c48135 _d48135 |
||